NLSUI OPAC header image

The interpretation of statutes (Record no. 24)

MARC details
000 -LEADER
fixed length control field 00494nam a2200205Ia 4500
003 - CONTROL NUMBER IDENTIFIER
control field OSt
005 - DATE AND TIME OF LATEST TRANSACTION
control field 20190430113058.0
008 - FIXED-LENGTH DATA ELEMENTS--GENERAL INFORMATION
fixed length control field 160316s1986 xxu||||| |||| 00| 0 eng d
040 ## - CATALOGING SOURCE
Transcribing agency nls
082 ## - DEWEY DECIMAL CLASSIFICATION NUMBER
Classification number 348.022000
Item number SAR
100 ## - MAIN ENTRY--PERSONAL NAME
Personal name Sarathi Vepa P
245 ## - TITLE STATEMENT
Title The interpretation of statutes
250 ## - EDITION STATEMENT
Edition statement 3rd
260 ## - PUBLICATION, DISTRIBUTION, ETC.
Place of publication, distribution, etc. Lucknow
Name of publisher, distributor, etc. Eastern Book Co.
Date of publication, distribution, etc. 1986
300 ## - PHYSICAL DESCRIPTION
Extent 640p
Other physical details 20 cm
Dimensions lxiv
365 ## - TRADE PRICE
Price amount Rs.180
650 ## - SUBJECT ADDED ENTRY--TOPICAL TERM
Topical term or geographic name entry element 1. Interpretiation of Statutes
700 ## - ADDED ENTRY--PERSONAL NAME
Personal name
--
942 ## - ADDED ENTRY ELEMENTS (KOHA)
Source of classification or shelving scheme Dewey Decimal Classification
Koha item type BOOKs
Holdings
Withdrawn status Lost status Source of classification or shelving scheme Damaged status Not for loan Home library Current library Shelving location Date acquired Cost, normal purchase price Total Checkouts Full call number Barcode Date last seen Price effective from Koha item type
    Dewey Decimal Classification     NLS NLS NAB Compactor 30/05/2017 180.00   348.022 SAR 23 27/07/2023 30/05/2017 BOOKs